000 00416nam a2200157Ia 4500
008 230312s9999||||xx |||||||||||||| ||und||
020 _a0-333-77822-7
082 _a330.015
_bKOU-T
100 _aKoutsoyiannis, A.
245 0 _aTheory of Econometrics
260 _bPalgrave
_aNew York
_c2007
300 _a681
546 _aEng.
650 _aEconomics
_vGoalsof econometrics , Division of econometrics
942 _cBK
999 _c2566
_d2566